Ταξίδι μνήμης και ονείρου
Αποθηκεύτηκε σε:
| Κύριος συγγραφέας: | |
|---|---|
| Μορφή: | Βιβλίο |
| Γλώσσα: | Greek |
| Δημοσίευση: |
Αθήνα :
Σύγχρονη Εποχή,
1998
|
| Θέματα: | |
| Ετικέτες: |
Προσθήκη ετικέτας
Δεν υπάρχουν, Καταχωρήστε ετικέτα πρώτοι!
|
MARC
| LEADER | 00000nam a2200000 i 4500 | ||
|---|---|---|---|
| 001 | 1/23292 | ||
| 008 | 011112s1998 gre d | ||
| 020 | |a 960-224-827-0 | ||
| 035 | |l 10067637 | ||
| 040 | |a GR-MY-UA |b gre |e aacr | ||
| 041 | 0 | |a gre | |
| 082 | 0 | |a 889.34 | |
| 100 | 1 | |a Δαράκη, Πέπη, |d 1909-2006. | |
| 245 | 1 | 0 | |a Ταξίδι μνήμης και ονείρου / |c Πέπη Δαράκη |
| 260 | |a Αθήνα : |b Σύγχρονη Εποχή, |c 1998 | ||
| 300 | |a 373σ. | ||
| 650 | 0 | 0 | |a Greek literature, Modern. |
| 650 | 0 | 0 | |a Historical fiction. |
| 852 | |a INST |b LESVOS |e 20011112 |h 889.34 ΔΑΡ |p 005100025178 |q 005100025178 |t BK |y 0 | ||
| 901 | |a BIBL1-2002-3 | ||
| 909 | |a Λ |b 099077 | ||
| 922 | |a 1ΕΛΗ |b 200111 |c ΤΑΚ/ΚΥΒ |d ΣΦΕΤΟΥΔΗΣ | ||
| 950 | |a 023-2001-11-02 | ||
| 970 | |a ΚΑΜΑΤΣΟΥ |b ΔΕΣΠΟΙΝΑ |z 2002/09/09 | ||